UFC Men Rankings (updated) - Statistics

General Stats
  • This quiz has been taken 742 times
    476 since last reset
  • The average score is 66 of 128
Answer Stats
Hint Answer % Correct
Flyweight C Alexandre Pantoja
93%
Featherweight C Alexander Volkanovski
89%
Lightweight C Islam Makhachev
89%
Bantamweight C Merab Dvalishvili
89%
1 Sean O'Malley
89%
1 | 4 Max Holloway
87%
2 Charles Oliveira
85%
3 Ilia Topuria
85%
Welterweight C Jack Della Maddalena
84%
Middleweight C Dricus Du Plessis
83%
Heavyweight C Jon Jones
83%
Interim Tom Aspinall
82%
1 Alex Pereira
81%
2 Sean Strickland
81%
1 Arman Tsarukyan
80%
5 Dustin Poirier
80%
3 Justin Gaethje
80%
2 Petr Yan
80%
2 Diego Lopes
79%
4 Israel Adesanya
79%
5 Kamaru Usman
79%
Light Heavyweight C Magomed Ankalaev
79%
3 Umar Nurmagomedov
79%
1 Belal Muhammad
78%
2 Brandon Moreno
78%
3 Khamzat Chimaev
78%
4 Leon Edwards
78%
15 Vinicius Oliveira
77%
1 Brandon Royval
74%
4 Kai Kara-France
73%
2 Jiri Prochazka
72%
8 Paddy Pimblett
72%
2 Ciryl Gane
71%
6 Ian Machado Garry
70%
3 Shavkat Rakhmonov
70%
4 Cory Sandhagen
69%
14 Joshua Van
68%
11 Jean Silva
67%
12 Bruno Silva
66%
4 Jamahal Hill
66%
12 Michael Chandler
66%
1 Nassourdine Imavov
66%
6 Dan Hooker
65%
2 Sean Brady
65%
7 Khalil Rountree Jr
63%
13 Carlos Prates
62%
10 Renato Moicano
61%
7 Joaquin Buckley
60%
3 Alexander Volkov
59%
9 Aljamain Sterling
59%
4 Movsar Evloev
59%
5 Robert Whittaker
58%
4 Yair Rodriguez
58%
9 Beneil Dariush
57%
13 Benoit Saint Denis
56%
9 Derrick Lewis
56%
5 Jan Blachowicz
55%
5 Curtis Blaydes
54%
6 Deiveson Figueiredo
54%
7 Mateusz Gamrot
53%
9 Steve Erceg
52%
9 Colby Covington
51%
12 Michael Morales
51%
4 Sergei Pavlovich
51%
10 Josh Emmett
50%
11 Rafael Fiziev
50%
6 Caio Borralho
49%
3 Carlos Ulberg
49%
5 Song Yadong
49%
9 Henry Cejudo
48%
15 Kai Asakura
48%
6 Manel Kape
48%
6 Arnold Allen
47%
11 Brendan Allen
47%
7 Brian Ortega
47%
7 Marlon Vera
47%
5 Tatsuro Taira
47%
8 Lerone Murphy
46%
8 Gilbert Burns
45%
13 Reinier de Ridder
44%
8 Dominick Reyes
42%
7 Jared Cannonier
41%
12 Paulo Costa
41%
10 Tai Tuivasa
41%
3 Amir Albazi
40%
10 Geoff Neal
40%
10 Marvin Vettori
40%
6 Jailton Almeida
39%
15 Michael Page
39%
9 Anthony Hernandez
37%
11 Johnny Walker
37%
10 Mario Bautista
37%
6 Aleksandar Rakic
35%
7 Serghei Spivac
35%
8 Roman Dolidze
33%
11 Stephen Thompson
32%
8 Marcin Tybura
31%
14 Tallison Teixeira
30%
11 Aiemann Zahabi
28%
14 Dan Ige
28%
10 Nikita Krylov
28%
8 Rob Font
28%
11 Tim Elliott
28%
7 Alex Perez
25%
15 Calvin Kattar
25%
11 Waldo Cortes Acosta
25%
15 Abus Magomedov
24%
15 Joel Alvarez
24%
14 Grant Dawson
22%
14 Roman Kopylov
22%
9 Volkan Oezdemir
22%
12 Youssef Zalal
22%
12 Shamil Gaziev
21%
10 Tagir Ulanbekov
21%
14 Bogdan Guskov
20%
8 Asu Almabayev
19%
13 Mick Parkin
19%
14 Vicente Luque
19%
13 Marcus McGhee
18%
13 Zhang Mingyang
17%
12 Azamat Murzakanov
14%
14 Montel Jackson
14%
13 David Onama
13%
12 Kyler Phillips
13%
15 Alonzo Menifield
12%
13 Ramazan Temirov
8%
15 Martin Buday
5%
No matching quizzes found
Score Distribution
Percent of People with Each Score
Percentile by Number Answered
Your Score History
You have not taken this quiz since the last reset